[Event "Escacs 246"]
[Site "http://www.queenalice.com/game.php?id=1871315"]
[Date "2026.4.2"]
[Round "-"]
[White "alterego"]
[Black "EduardoRo"]
[Result "0-1"]
[WhiteElo "1635"]
[BlackElo "1678"]

1. d4 d5 2. g3 Nc6 3. Bg2 Nf6 4. Nf3 e6 5. O-O Bd6 6. Bg5 O-O 7. a3 e5 8. dxe5
Bxe5 9. Nxe5 Nxe5 10. b4 Qd6 11. Nd2 Nfg4 12. Bf4 Qf6 13. Rc1 b6 14. c4 dxc4 15.
Bxa8 c3 16. Rxc3 Nf3+ 17. exf3 Qxc3 18. fxg4 Ba6 19. Re1 Rxa8 20. Ne4 Qc6 21.
Qf3 Bb7 22. Qb3 Re8 23. Rc1 Qxe4 24. f3 Qe2 25. Qc3 Bxf3 26. Bd2 Qg2# 0-1

[Event "Escacs 247"]
[Site "http://www.queenalice.com/game.php?id=1871316"]
[Date "2026.4.2"]
[Round "-"]
[White "EduardoRo"]
[Black "alterego"]
[Result "1-0"]
[WhiteElo "1692"]
[BlackElo "1621"]

1. e4 g6 2. d4 Bg7 3. Nf3 a6 4. Bc4 b5 5. Bb3 Bb7 6. Nbd2 Nc6 7. c3 e6 8. O-O
Nge7 9. Ng5 O-O 10. Ndf3 Na5 11. Bc2 f6 12. Nh3 d5 13. e5 fxe5 14. dxe5 Nc4 15.
b4 Nf5 16. Nhg5 d4 17. Nxe6 Qe7 18. Nxf8 Rxf8 19. Bg5 Qd7 20. Re1 Nxe5 21. Nxe5
Bxe5 22. Rxe5 Qg7 23. Qe2 dxc3 24. Bb3+ Kh8 25. Re8 Nd4 26. Rxf8+ Qxf8 27. Qe5+
1-0

[Event "Escacs 252"]
[Site "http://www.queenalice.com/game.php?id=1871622"]
[Date "2026.4.8"]
[Round "-"]
[White "alterego"]
[Black "EduardoRo"]
[Result "0-1"]
[WhiteElo "1594"]
[BlackElo "1672"]

1. d4 d5 2. c4 Nf6 3. c5 Nc6 4. g3 e5 5. b4 Bg4 6. Bg2 e4 7. Qa4 Bd7 8. Bg5 Nxd4
9. Qd1 b5 10. Qxd4 Be7 11. Nh3 Bxh3 12. Bxh3 O-O 13. Nc3 c6 14. O-O Ng4 15. Bxg4
Bxg5 16. f4 Bf6 17. Qd2 a5 18. Rad1 Bxc3 19. Qxc3 a4 20. a3 f5 21. Bh3 g6 22.
Qe5 Rf6 23. e3 Qf8 24. Rd2 Re8 25. Qc7 Qh6 26. Kg2 Kf8 27. Rff2 Re7 28. Qb8+ Kf7
29. Qb6 Qh5 30. g4 fxg4 31. Bxg4 Qxg4+ 32. Kh1 Qh3 33. Qb8 Qxe3 34. f5 Rxf5 35.
Rxf5+ gxf5 36. Rg2 Qf3 37. h3 e3 38. Qh2 e2 0-1

[Event "Escacs 253"]
[Site "http://www.queenalice.com/game.php?id=1871623"]
[Date "2026.4.8"]
[Round "-"]
[White "EduardoRo"]
[Black "alterego"]
[Result "1-0"]
[WhiteElo "1688"]
[BlackElo "1579"]

1. e4 g6 2. d4 e6 3. Nc3 Bg7 4. e5 Ne7 5. Bg5 O-O 6. Nf3 a6 7. Bd3 b5 8. O-O
Nbc6 9. Ne4 f6 10. Bh4 Bb7 11. b3 Nf5 12. Nc5 Ra7 13. exf6 Bxf6 14. Bxf6 Rxf6
15. Nxb7 Rxb7 16. c4 Nfxd4 17. Nxd4 Nxd4 18. Be4 Nc6 19. Bxc6 Rb6 20. cxb5 axb5
21. Bxd7 Rd6 22. Bxe6+ Rfxe6 23. Qf3 c5 24. Rad1 Rf6 25. Rxd6 Qxd6 26. Qa8+ Rf8
27. Qb7 b4 28. Qb5 Rb8 29. Qc4+ Kg7 30. Rc1 Rd8 31. f3 Qd2 32. Qxc5 Rd5 33. Qe7+
Kh6 34. Qh4+ Rh5 35. Qc4 Qxa2 36. Qxb4 Qb2 37. Qf4+ Rg5 38. Qf8+ Kh5 39. g4+ Kh4
40. Qh6+ Rh5 41. gxh5 Qxb3 42. hxg6# 1-0

[Event "Escacs 254"]
[Site "http://www.queenalice.com/game.php?id=1871778"]
[Date "2026.4.11"]
[Round "-"]
[White "alterego"]
[Black "Capixabba789"]
[Result "0-1"]
[WhiteElo "1591"]
[BlackElo "1877"]

1. d4 e6 2. g3 d5 3. Nf3 Nf6 4. Bg2 Be7 5. a3 O-O 6. b4 Nbd7 7. Nbd2 c6 8. c4
dxc4 9. Nxc4 Nd5 10. Bg5 Bxg5 11. Nd6 Bh6 12. O-O N7f6 13. Nxc8 Rxc8 14. Ne5 Re8
15. f4 Ne3 16. Qd3 Nxf1 17. Bxf1 Nd5 18. e4 Nf6 19. Qf3 Qxd4+ 0-1

[Event "Escacs 255"]
[Site "http://www.queenalice.com/game.php?id=1871779"]
[Date "2026.4.11"]
[Round "-"]
[White "Capixabba789"]
[Black "alterego"]
[Result "1-0"]
[WhiteElo "1882"]
[BlackElo "1599"]

1. e4 g6 2. d4 Bg7 3. Nc3 e6 4. f4 Ne7 5. Nf3 a6 6. Bd3 b5 7. O-O Nbc6 8. Be3
Bb7 9. a3 O-O 10. e5 Nf5 11. Bd2 Ncxd4 12. Nxd4 Nh4 13. Be4 Bxe4 14. Nxe4 f5 15.
Ng3 c5 16. Nf3 Nxf3+ 17. Qxf3 Ra7 18. Be3 Qb6 19. b4 d5 20. Bxc5 Qc7 21. Bxa7
Qxa7+ 22. Kh1 Rc8 23. Rac1 Bh6 24. c3 Rc4 25. Ne2 Qe7 26. Nd4 Qh4 27. Nxe6 Kf7
28. Qxd5 Qe7 29. Ng5+ Ke8 30. Rcd1 Rc8 31. Qg8+ Bf8 32. Nxh7 Qg7 33. Nf6+ Ke7
34. Rd7# 1-0

[Event "Escacs 257"]
[Site "http://www.queenalice.com/game.php?id=1871794"]
[Date "2026.4.11"]
[Round "-"]
[White "josebaron"]
[Black "alterego"]
[Result "1-0"]
[WhiteElo "2147"]
[BlackElo "1581"]

1. e4 g6 2. d4 Bg7 3. e5 e6 4. Nf3 a6 5. c4 Ne7 6. Bg5 Nbc6 7. Nc3 Nb4 8. Be2 b5
9. cxb5 axb5 10. a3 Nbc6 11. Bxb5 O-O 12. Bxc6 dxc6 13. O-O Ba6 14. Re1 f6 15.
exf6 Bxf6 16. Bh6 Bg7 17. Bxg7 Kxg7 18. Rxe6 Bc4 19. Ng5 Nf5 20. Rxc6 Qxg5 21.
Rxc4 c6 22. Ne4 Rab8 23. Nxg5 1-0

[Event "Escacs 260"]
[Site "http://www.queenalice.com/game.php?id=1871898"]
[Date "2026.4.13"]
[Round "-"]
[White "alterego"]
[Black "Capixabba789"]
[Result "0-1"]
[WhiteElo "1567"]
[BlackElo "1946"]

1. d4 e5 2. d5 d6 3. g3 f5 4. Bg2 Nf6 5. Bg5 Be7 6. Nf3 O-O 7. c4 e4 8. Nd4 Nxd5
9. Bxe7 Nxe7 10. b4 Ng6 11. e3 Ne5 12. c5 Nd3+ 13. Ke2 d5 14. Qd2 c6 15. Rd1 Rf6
16. Kf1 Bd7 17. Kg1 Be8 18. Nc3 Bg6 19. a3 Nd7 20. Rf1 N7e5 21. f3 Qe7 22. fxe4
fxe4 23. Qa2 Raf8 24. Nxe4 Bxe4 25. Bxe4 Rxf1+ 26. Rxf1 Rxf1+ 27. Kxf1 Qf6+ 28.
Ke2 Qf2+ 0-1

[Event "Escacs 261"]
[Site "http://www.queenalice.com/game.php?id=1871899"]
[Date "2026.4.13"]
[Round "-"]
[White "Capixabba789"]
[Black "alterego"]
[Result "1-0"]
[WhiteElo "1948"]
[BlackElo "1565"]

1. e4 g6 2. d4 Bg7 3. c4 e6 4. Nc3 Ne7 5. f4 a6 6. Nf3 b5 7. Be3 Bb7 8. c5 b4 9.
Ne2 Bxe4 10. Ng3 Bd5 11. Bd3 c6 12. O-O a5 13. Ne5 Na6 14. b3 O-O 15. Qe2 f6 16.
Nxg6 Nxg6 17. Bxa6 e5 18. Bc4 exd4 19. Bxd4 Qc7 20. Bxd5+ cxd5 21. f5 Nf4 22.
Qf3 Bh6 23. Kh1 Rae8 24. a3 Re7 25. axb4 Kf7 26. Nh5 Nxg2 27. Qxg2 Rg8 28. Qxd5+
Kf8 29. Nxf6 Rg5 30. Rxa5 Re2 31. Ra8+ Ke7 32. Re8# 1-0

[Event "Escacs 262"]
[Site "http://www.queenalice.com/game.php?id=1871900"]
[Date "2026.4.13"]
[Round "-"]
[White "alterego"]
[Black "EduardoRo"]
[Result "1-0"]
[WhiteElo "1540"]
[BlackElo "1644"]

1. d4 d5 2. c4 e6 3. c5 Nc6 4. g3 Be7 5. Bg2 Nf6 6. Nf3 O-O 7. a3 b6 8. b4 Nh5
9. O-O Bf6 10. Nc3 Ba6 11. b5 Bxd4 12. Nxd4 Nxd4 13. Qxd4 bxc5 14. Qxc5 Bb7 15.
Bf3 Nf6 16. Bg5 a5 17. a4 Qd6 18. Qd4 h6 19. Bf4 Qb4 20. Qd3 c6 21. Rab1 Qe7 22.
bxc6 Bxc6 23. Rb6 Bb7 24. Bd6 Qd8 25. Bxf8 Kxf8 26. Rxb7 g5 27. Qd4 Ra6 28. e3
h5 29. Bxh5 Ne4 30. Qh8# 1-0

[Event "Escacs 263"]
[Site "http://www.queenalice.com/game.php?id=1871901"]
[Date "2026.4.13"]
[Round "-"]
[White "EduardoRo"]
[Black "alterego"]
[Result "0-1"]
[WhiteElo "1693"]
[BlackElo "1573"]

1. e4 g6 2. d4 Bg7 3. Nf3 e6 4. Bc4 Ne7 5. O-O a6 6. Nc3 c6 7. Bg5 O-O 8. e5 d5
9. exd6 Qxd6 10. Ne4 Qb4 11. Bb3 f6 12. Bd2 Qb6 13. Be3 Nd5 14. c4 Nxe3 15. fxe3
Bh6 16. Nd6 Bxe3+ 17. Kh1 Bd7 18. c5 Qb4 19. Qd3 Bf4 20. a3 Qa5 21. Nxb7 Qc7 22.
Nd6 Kg7 23. Nc4 Bh6 24. Ne3 Be8 25. Bxe6 Qe7 26. Bc4 Nd7 27. Ng4 Bf4 28. Nh4 Bg5
29. Rae1 Qd8 30. Nf3 f5 31. Nge5 Nxe5 32. Nxe5 Rb8 33. b4 a5 34. bxa5 Qxa5 35.
Rb1 Rxb1 36. Rxb1 Bf7 37. Bxf7 Rd8 38. Nxc6 Qc7 39. Nxd8 Bxd8 40. Be6 Qe7 41.
Qc4 Bc7 42. Rb7 Kh6 43. Qc1+ Kg7 44. Qe3 Qd8 45. c6 Qd6 46. Bd7 Qxh2# 0-1

[Event "Escacs 264"]
[Site "http://www.queenalice.com/game.php?id=1871952"]
[Date "2026.4.15"]
[Round "-"]
[White "alterego"]
[Black "Capixabba789"]
[Result "0-1"]
[WhiteElo "1561"]
[BlackElo "1897"]

1. d4 e5 2. g3 e4 3. Bg2 d5 4. e3 f5 5. Ne2 Nf6 6. a3 Bd6 7. b4 O-O 8. Nd2 Be6
9. O-O Nbd7 10. c4 dxc4 11. Nf4 Bf7 12. Bb2 b5 13. f3 Bxf4 14. exf4 exf3 15.
Bxf3 Rb8 16. Bg2 Nb6 17. Nf3 Ne4 18. Ng5 Nxg5 19. fxg5 Qxg5 20. Bc1 Qg6 21. Qf3
Nd5 22. Re1 c6 23. Bb2 a6 24. Re5 Be6 25. Rae1 Rbe8 26. Bh3 Qf7 27. Bc1 h6 28.
Bxf5 Bxf5 29. Bd2 Bd3 30. Qg4 Rxe5 31. dxe5 Qf2+ 32. Kh1 Qxd2 33. Rg1 Rf2 34.
Rd1 Rxh2+ 35. Kg1 Qg2# 0-1

[Event "Escacs 265"]
[Site "http://www.queenalice.com/game.php?id=1871953"]
[Date "2026.4.15"]
[Round "-"]
[White "Capixabba789"]
[Black "alterego"]
[Result "1-0"]
[WhiteElo "1900"]
[BlackElo "1558"]

1. d4 g6 2. c4 Bg7 3. e4 e6 4. Nc3 Ne7 5. f4 O-O 6. Nf3 a6 7. Be2 c6 8. O-O b5
9. c5 f5 10. e5 a5 11. Qc2 Ba6 12. Be3 b4 13. Nd1 Bxe2 14. Qxe2 Nd5 15. Bd2 d6
16. cxd6 Nd7 17. Nf2 Rf7 18. Ng5 Rf8 19. Nxe6 Qh4 20. Nxf8 Rxf8 21. Nh3 N7b6 22.
Ng5 Re8 23. Rf3 Nxf4 24. Bxf4 Bf6 25. Rh3 Qxf4 26. Nxh7 Qxd4+ 27. Kh1 Rxe5 28.
Nxf6+ Kg7 29. Rh7+ Kxf6 30. Qa6 Ke6 31. Qb7 Kxd6 32. Qc7+ Kc5 33. Rc1+ Nc4 34.
b3 Re2 35. Qa7+ Kd5 36. Rd7+ Nd6 37. Rxd6+ Kxd6 38. Qxd4+ 1-0